00000000cam 2200000zi 4500
0019.958125
003CaOODSP
00520251210115653
006m     o  d f      
007cr bn|||||||||
008251210e19770124oncb    o    f000 0 eng d
040 |aCaOODSP|beng|erda|cCaOODSP
043 |an------|anc-----
0861 |aEn58-27/4-77E-PDF
1001 |aThomas, Morley K.,|d1918- |eauthor.
24510|aMean monthly sea-level pressure maps for North and Central America / |cby M.K. Thomas.
264 1|aDownsview, Ontario : |bMeteorological Applications Branch, Central Services Directorate, Atmospheric Environment Service, |cJanuary 24, 1977.
300 |a1 online resource (14 unnumbered pages) : |bmaps.
336 |atext|btxt|2rdacontent
337 |acomputer|bc|2rdamedia
338 |aonline resource|bcr|2rdacarrier
4901 |aCDS ; |v#4-77
500 |aDigitized edition from print [produced by Environment and Climate Change Canada].
520 |a"The attached maps depict the mean sea-level pressure patterns over North and Central America expressed in kilopascals for each month of the year. These maps were prepared in 1966-67 as part of the World Meteorological Organization's Climatic Atlas Project. However, since the project has not moved as quickly as anticipated, this set of maps is being issued on an informal basis as reference material for Weather Offices. In the decade since their preparation there has not been any more up-to-date publication of pressure maps so it is believed that these maps will contain valuable and useful reference information"--Page [1].
650 0|aSea level|zNorth America|vMaps.
650 0|aSea level|zCentral America|vMaps.
650 0|aAtmospheric pressure|zNorth America|vMaps.
650 0|aAtmospheric pressure|zCentral America|vMaps.
650 6|aMer|xNiveau|zAmérique du Nord|vCartes.
650 6|aMer|xNiveau|zAmérique centrale|vCartes.
650 6|aPression atmosphérique|zAmérique du Nord|vCartes.
650 6|aPression atmosphérique|zAmérique centrale|vCartes.
7101 |aCanada. |bAtmospheric Environment Service. |bMeteorological Applications Branch, |eissuing body.
830#0|aCDS ;|vno. 4-77.|w(CaOODSP)9.932874
85640|qPDF|s1077 KB|uhttps://publications.gc.ca/collections/collection_2025/eccc/en58/En58-27-4-77-eng.pdf